000
00331pam a2200157a 44500
008
230515b1991 xxu||||| |||| 00| 0 eng d
020
_a
NULL
041
_a
ENGLISH
082
_a
630
100
_a
BHAGWAT S W
245
_a
INTRODUCING FLUID POWER
250
_a
0
260
_a
N
_b
N/A
_c
1991
300
_a
300
650
_a
NULL
999
_c
651222
_d
651222